00868cam a2200265 i 4500003000900000005001700009007000300026008004100029015000800070020001800078040004400096041000800140100003400148245009400182260005700276300004800333490001600381651001900397651002200416651003200438651003600470651003300506651003300539700003000572Co-BoUCM20180607150759.0ta180607s2018 ck a gr 000 0dspa d aNNN a9789587415599 aCo-BoUCMbspacSaul NiñodSaul Niño0 aspa1 aGuerra Vilaboy, Sergiod1949-10aCuba a la manobanatomía de una paíscSergio Guerra Vilaboy, Roberto González Arana aBarranquilla (Colombia)bUniversidad del Nortec2015 a334 páginasbilustraciones, fotografías0 aGran Caribe 4aCubaxHistoria 4aCubaxGeografía 4aCubaxCondiciones sociales  4aCubaxCondiciones económicas  4aCubaxRelaciones exteriores  4aCubaxPolítica y gobierno 1 aGonzález Arana, Roberto